Вып. 19; Бионика

Chi tiết về thư mục
Parent link:Бионика: республиканский межведомственный сборник научных трудов/ Академия наук Украинской ССР (АН УССР), Институт гидромеханики. Вып. 19.— , 1969-1991
Tác giả khác: Логвинович Г. В.
Ngôn ngữ:Tiếng Nga
Được phát hành: 1985
Những chủ đề:
Định dạng: Sách
KOHA link:https://koha.lib.tpu.ru/cgi-bin/koha/opac-detail.pl?biblionumber=288272

MARC

LEADER 00000nam2a2200000 4500
001 288272
005 20231102000054.0
035 |a (RuTPU)RU\TPU\book\312730 
035 |a RU\TPU\book\303759 
090 |a 288272 
100 |a 20150324d1985 k y0rusy50 ca 
101 0 |a rus 
102 |a UA 
105 |a a z 001zy 
200 0 |a Вып. 19  |f гл. ред. Г. В. Логвинович 
210 |d 1985 
215 |a 118 с.  |c ил. 
320 |a Библиография в конце статей 
461 1 |0 (RuTPU)RU\TPU\book\222851  |t Бионика  |o республиканский межведомственный сборник научных трудов  |f Академия наук Украинской ССР (АН УССР), Институт гидромеханики  |v Вып. 19  |d 1969-1991 
606 1 |a Бионика  |x Кибернетика  |2 stltpush  |3 (RuTPU)RU\TPU\subj\28729  |9 52230 
610 1 |a гидромеханика 
610 1 |a обтекание тел 
610 1 |a бионические модели 
610 1 |a водные животные 
610 1 |a гидродинамическое сопротивление 
610 1 |a турбулентная вязкость 
610 1 |a движители 
610 1 |a головоногие моллюски 
610 1 |a формообразование 
675 |a 681.5:57  |v 3 
702 1 |a Логвинович  |b Г. В.  |4 651 
801 1 |a RU  |b 63413507  |c 20120419 
801 2 |a RU  |b 63413507  |c 20180328  |g RCR 
942 |c BK